| 000 | 00628nam a22002057a 4500 | ||
|---|---|---|---|
| 005 | 20241104131118.0 | ||
| 008 | 201117s ||||| |||| 00| 0 ger d | ||
| 020 | _a9783191019013 | ||
| 040 | _cDLC | ||
| 080 |
_a811.112.2 _bE-93 |
||
| 100 |
_951 _aEvans Sandra |
||
| 245 |
_aMenschen: Deutch als Fremdsprache Kursbuch: Level A1 _c / by Huber Verlag. Authors: Sandra Evans, Angela Pude, Franz Specht |
||
| 260 |
_aGermany _bHuber _c2012 |
||
| 300 |
_a192 p. _b1 CD |
||
| 650 | _2German Language | ||
| 653 | _aგერმანული ენა | ||
| 700 |
_952 _aPude Angela |
||
| 700 |
_953 _aSpecht Franz |
||
| 942 |
_2udc _cBK |
||
| 999 |
_c266 _d266 |
||